• 首页
  • 本馆介绍
  • 公告通知
  • 最新文献
  • 馆藏检索
  • 电子资源
  • 读者导购
  • 参考咨询
  • 我的图书馆
  • 登录
  • 详细信息显示
  • 放入我的书架
  • 预约/预借图书
  • 作者相关作品
  • 分类相关作品
  • 丛书相关作品
  • 出版社相关作品

书目信息

  • 表格格式
  • 工作单格式
  • 卡片格式
题名:
海明威
    
 
作者: 伯吉斯 著 ;余光照 译
分册:  
出版信息: 上海   百家出版社  2001.6
页数: 130页
开本: 26cm
丛书名: 百家文学之旅
单 册:
中图分类: K837.125.6
科图分类:
主题词: 作家--传记--美国
电子资源:
ISBN: 7-80656-326-1
000 00684nam2 2200229 45
001 0203251492
005 20041112100235.8
010    @a7-80656-326-1@dCNY26.60
100    @a20020325d2001 km y0chiy0120 ea
101 0  @achi@ceng
105    @aa z 000yb
200 1  @a海明威@AHai Ming Wei@f(英)安东尼·伯吉斯著@F(Ying)An Dong Ni·Bo Ji Si Zhu@g余光照译
210    @a上海@c百家出版社@d2001.6
215    @a130页@c图@d26cm
225    @a百家文学之旅@v4
410    @12001 @a百家文学之旅
606 0  @a作家@x传记@y美国
690    @aK837.125.6@v4
701  0 @a伯吉斯@4著
702  0 @a余光照@AYu Guang Zhao@4译
801    @aCN@bTSTC@c20020327
905    @b307113-117@dK837.125.6@e363BJ@f5
    
    海明威/(英)安东尼·伯吉斯著/余光照译.-上海:百家出版社,2001.6
    130页:图;26cm.-(百家文学之旅;4)
    
    
    ISBN 7-80656-326-1:CNY26.60
    
●
相关链接 在E读中查询图书 在五车中查询图书 在当当中查询图书 在豆瓣中查询图书


正题名:海明威     索取号:K837.125.6/363BJ         预约/预借

序号 登录号 条形码 馆藏地/架位号 状态 备注
1 0307113   203071139   第二借阅区/ [索取号:K837.125.6/363BJ] 在馆    
2 0307114   203071148   第二借阅区/ [索取号:K837.125.6/363BJ] 在馆    
3 0307115   203071157   第二借阅区/ [索取号:K837.125.6/363BJ] 在馆    
4 0307116   203071166   第二借阅区/ [索取号:K837.125.6/363BJ] 在馆    
5 0307117   203071175   第二样本阅览室/ [索取号:K837.125.6/363BJ] 在馆    
唐山师范学院图书馆 欢迎您!
大连网信软件有限公司© 版权所有